000 00316nam a22001337a 4500
008 171024b xxu||||| |||| 00| 0 eng d
020 _ami0023836397
041 _aeng
080 _22ND
_a311
100 _a55
101 _aSTA
245 _aUNDERSTANDING STATISTICAL PROCESS CONTROL
_cWHEELER,D.J
942 _2udc
_cBK
999 _c35713
_d35713